| 000 | 00436nam a22001697a 4500 | ||
|---|---|---|---|
| 005 | 20240328072210.0 | ||
| 008 | 240328b |||||||| |||| 00| 0 eng d | ||
| 020 | _a0199273340. | ||
| 082 |
_222 _a327.174. _bSMA. |
||
| 245 |
_aSmall arms survey 2004 : _brights at risk / |
||
| 250 | _a1st. | ||
| 260 |
_aNew york : _bOxford university press / _c2004. |
||
| 300 | _avii, 335 p. | ||
| 650 | _aWomen. | ||
| 650 | _aHuman Rights. | ||
| 942 | _cL | ||
| 999 |
_c625 _d625 |
||